Quizz Rap Français - Statistiques

Statistiques générales
  • Ce quiz a été pris 751 fois
    249 depuis la dernière actualisation
  • Le résultat moyen est 8 sur 38
Statistiques - réponses
Questions Réponses % Correct
Qu'est ce qui n'est jamais fini ? La Piraterie
52%
Qui se dit en rotation au cartier disciplinaire de Fleury ? Ninho
49%
Quel clip a emmené Sofiane devant le tribunal ? Toka
45%
D'après Luv Resval, le temps passe et ... Tout s'en va
45%
Dans quelle série retrouve t-on Hatik, Bosh et Sam's ? Validé
44%
Si t'as pop mais t'as disparu, t'es comme... Desiigner
41%
A quel âge s'est noyé Hamza dans la codéine ? 19
40%
Qui a percé en 2024 avec son titre "Hakayet" ? VEN1
39%
Combien dénombre t-on de freestyles dans la série "Double Bang" de Leto ? 10
38%
Qui feat avec Ninho sur "Ma 6t a craqué" ? Kpoint
33%
Que boit Chily avec trois poulets grillés ? San Pellegrino
33%
Comment s'appelle un oiseau qui aimait un peu trop la cocaïne ? Coco
31%
Rim'K a dans ses poches de la peuf jaune comme ... Le Dortmund
31%
et de la vodka de ... Saint Pétersbourg
29%
Quel membre du collectif Lyonzon est habituellement masqué ? Ashe22
26%
Le bouchon de liège est dans ton anus et ... Je pousse encore avec mon phallus
25%
Où est ce que Booba fait des roues arrières ? Dans le cul de ta madre
23%
Ouais sur elle j'ai impacté, dans son crâne on est deux,Ma kichta est compacte et j'ai ... aucun billet bleu
21%
Quel est le titre de l'unique album de Squeezie ? Oxyz
21%
Quel média a été fondé par Medja et Blaise ? DVM
20%
Sur quel morceau Booba clashe t-il La Fouine, Rohff et TLF ? A.C. Milan
19%
Quel est le titre de l'intro d'A7 de SCH John Lennon
17%
Pour quoi Beendo Zarzis aka Beendo Z est-il connu ? Pour extorsion et vol à main armée
17%
Si t'es black, frais et talentueux, t'es un peu comme .... Paul Pogba
16%
Sadek est Vulgaire, Violent et ... Ravi d'être là
16%
Dans quelle voiture ne faut-il pas écouter Beendo Z ? Mini Cooper / Fiat 500
13%
Sur quel média Damso a t-il interprété le freestyle "Peur d'être sobre" ? Générations
8%
Comment se nomme le featuring entre Lala &ce et La Fève ? Sexyy Red
8%
Comment Gambi et TK te bloquent ils ? En Stevez
6%
Si ça sent pas le sapin, ça pue ... L'embrayage
6%
D'où Kalash est-il un n**** ? Mada
6%
En CFA, combien vaut leur flow ? 100 balles
5%
Pour quel rappeur Waj Knife compose t-il majoritairement ? menace Santana
5%
Le morceau "Doucement" de Dadi a été samplé de quel compositeur classique ? Frédéric Chopin
3%
Pour qui est ce que Paris est magique ? Ceux qui ont du biff de té-cô
2%
Qu'est ce que ça crie quand Seth Gueko ouvre la fenêtre ? Oh la pute
2%
Pourquoi Kaaris vole t-il les voleurs ? Parce qu'ils ne peuvent pas appeler les flics
2%
Sur quel morceau de Kalash Criminel trouve t-on, en outro, un slam de Lino ? Le monde est petit et Dieu est grand
1%
Aucun quiz correspondant
Distribution des résultats
% des personnes avec chaque résultat
Percentile par nombre de réponses
Votre historique - résultats
Vous n’avez pas pris ce quiz depuis la dernière actualisation